| 000 | 00619nam a22001577a 4500 | ||
|---|---|---|---|
| 003 | OSt | ||
| 005 | 20151008152012.0 | ||
| 008 | 151008b xxu||||| |||| 00| 0 eng d | ||
| 040 | _cRUA | ||
| 082 | _aAVM HAN 2007 B080 Or.1 | ||
| 100 |
_92375 _aHANG, PISETH. |
||
| 245 | _aThe study on horse raising in chrey los commune ponhea leu district kandal province, ការសិក្សាពីការចិញ្ចឹមសេះ នៅឃុំជ្រៃលាស់ ស្រុកពញាឮ ខេត្តតាកែវ | ||
| 260 |
_aPhnom Penh _bRUA _c2007 |
||
| 300 |
_ax; 53p. _bill. _c29cm. |
||
| 942 |
_2ddc _cAVM |
||
| 999 |
_c2235 _d2235 |
||